| 000 | 01197nam a2200241Ia 4500 | ||
|---|---|---|---|
| 999 |
_c56026 _d56026 |
||
| 001 | 23126 | ||
| 003 | GE_BSU | ||
| 005 | 20230713164144.0 | ||
| 008 | 181216s1989||||ge |||||||||||||| ||geo|| | ||
| 040 | _cGE_BSU | ||
| 041 | _ageo | ||
| 080 | _a821.112.2.09 ხ-15 | ||
| 100 |
_aხავთასი, გრიგოლ _91245 |
||
| 245 |
_aნარკვევები გერმანული ლიტერატურის ისტორიიდან. ტ. 1 / _cგრიგოლ ხავთასი ; რედ. ზ. ჭარხალაშვილი. |
||
| 250 | _aმე-2 გამოცემა | ||
| 264 |
_aთბილისი : _bთბილ. უნ-ტის გამ-ბა, _c1989. |
||
| 300 |
_a398 გვ. : _b 8 ფ. ილ. ; _c22 სმ. |
||
| 541 | _h4ლ. 60თ. | ||
| 653 | _aგერმანული ლიტერატურის ისტორია და კრიტიკა | ||
| 653 | _aნარკვევები გერმანული ლიტერატურის ისტორიიდან ტ. 1 | ||
| 700 |
_aჭარხალაშვილი, ზ. _eრედაქტორი _91247 |
||
| 942 |
_cBK _2udc |
||